000 00656nam a2200241Ia 4500
005 20240302093219.0
008 131103s9999 xx 000 0 und d
020 _a70417342
040 _aLoreto College
041 _aEnglish
082 _a370.973
_bMEY
100 _aMeyer,Adolphe E.
245 3 _aAn Educational History of the American People,
_cAdolphe E.Meyer
250 _a2nd ed.
260 _aNew York
_bMcGraw - Hill Book
_c1967
300 _a489 p.
440 _aFoundations In Education
504 _aIncludes bibliographical note and index
650 _aEducation
651 _aUnited States
850 _aLCLIB
942 _cBK
999 _c9160
_d59639